| 000 | 00814 a2200229 4500 | ||
|---|---|---|---|
| 003 | Nust | ||
| 005 | 20170207154028.0 | ||
| 010 | _a 2002153470 | ||
| 020 | _a1556229518 | ||
| 040 | _cNust | ||
| 082 | 0 | 0 | _a794.8/1526 |
| 100 | 1 | _aBethke, Erik. | |
| 245 | 1 | 0 |
_aGame development and production--(E-BOOK) _cErik Bethke. |
| 260 |
_aPlano, Tex. : _bWordware Pub., _cc2003. |
||
| 300 |
_axxi, 412 p. : _bill. ; _c23 cm. + _e1 CD-ROM (4 3/4 in.) |
||
| 440 | 0 | _aWordware game developer's library | |
| 505 | _a Part.1: Introduction to Game Development (Page-3) Part.2: How to Make a Game (page-39) Part.3: Game Development (page-205) Part.4: Game Development Resource Guide (Page-313) | ||
| 650 | 0 |
_aComputer games _xDesign. |
|
| 650 | 0 |
_aComputer games _xProgramming. |
|
| 650 | 0 | _aProject management. | |
| 651 | _aE-BOOK | ||
| 942 |
_2ddc _cBK |
||
| 999 |
_c192020 _d192020 |
||